| 000 | 00640nam a2200157 a 4500 | ||
|---|---|---|---|
| 008 | 120416s1966 ||||||||||||||||| || u | ||
| 050 | _aTA 357 Str | ||
| 100 | _aStreeter, Victor Lyle | ||
| 245 | 1 | 0 | _aFluid mechanics |
| 250 | _a4th.ed | ||
| 260 |
_aNew York _bMcGraw-Hill _c1966 |
||
| 300 | _aix, 705p. : ill | ||
| 350 | _a0.00 | ||
| 995 |
_aBINDERY (DAMAGED) _D0.00 _e726583 _FCBU-MAIN LIBRARY (Kitwe) _H2 _I16.85 _jTA 357 Str _M1 _UDAMAGED _y014115 _ZMain Library Open Access Collection |
||
| 995 |
_aMAIN LIBRARY OPEN ACCESS _D0.00 _e717009 _FCBU-MAIN LIBRARY (Kitwe) _H1 _I16.85 _jTA 357 Str _M2 _UAVAILABLE _y014117 _ZMain Library Open Access Collection |
||
| 999 |
_c63180 _d63180 |
||